000 00443nam a2200181Ia 4500
005 20250603144639.0
008 250603s9999 xx 000 0 und d
020 _a9780240808970
050 _aTR 897.7 .K64/
100 _a Arndt von Koenigsmarck
245 0 _aCinema 4D 10 workshop
260 _aAmsterdam
260 _bBoston, Mass. : Elsevier Focal Press
260 _c2007
300 _a400 p
650 _aAmsterdam
942 _cBK
999 _c39537
_d39537